000 00331cam a2200145ua 4500
003 OSt
008 231003b |||||||| |||| 00| 0 eng d
041 _amal
082 _a894.81209
_bKAV/UL
245 _aUlloorkavitha /
250 _a1 /
260 _aTrivandrum :
_bKavithasamithi ,
_c1963.
300 _a111 ; .
942 _cBK
999 _c12799
_d12799